Heterogeneity of Shopping Centers' Attractiveness in Bratislava

Kvantifikácia atraktívnosti nákupných centier v Bratislave.

Guardado en:
Detalles Bibliográficos
Autor principal: Križan, František
Otros Autores: Paško, Matej, Bilková, Kristína, Barlík, Peter, Kita, Pavol
Formato: Capítulo de libro
Lenguaje:inglés
Materias:
Etiquetas: Agregar Etiqueta
Sin Etiquetas, Sea el primero en etiquetar este registro!

MARC

LEADER 00000naa a2200000 4500
001 0226216
005 20240502083605.3
041 0 |a eng 
044 |a RO 
245 1 0 |a Heterogeneity of Shopping Centers' Attractiveness in Bratislava  |c František Križan, Matej Paško, Kristína Bilková, Peter Barlík, Pavol Kita 
520 |a Kvantifikácia atraktívnosti nákupných centier v Bratislave. 
610 2 0 |a centrá nákupné 
610 2 0 |a hypermarkety 
610 2 0 |a centrá obchodné 
610 2 0 |a stratégia marketingová 
100 1 |a Križan, František 
700 1 |a Paško, Matej 
700 1 |a Bilková, Kristína 
700 1 |a Barlík, Peter 
700 1 |a Kita, Pavol